Score 0/16 Timer 05:00
2 Plays Today
Lyric Word % Correct
I heard you've been missing ____.me
86.8%
Shut the ____, baby. Don't say a word.door
83.8%
'Cause if one day you ____ up and find that you're missing me.wake
79.9%
Every single ____, every word you say, every game you play, every night you stay, I'll be watching you.day
79.3%
I don't want to live that ____, reading into every word you say.way
79%
I ain't missing you at ____ since you've been gone away.all
73.9%
Mellow is the ____ who knows what he's been missing.man
69%
But goodbye's too good a word, gal so I'll just say fare thee ____.well
68.8%
Lyric Word % Correct
And your deck of cards missing the jack and the ____.ace
65%
I finally found you, my missing ____ piece. I'm complete.puzzle
64.8%
We'll have the life we knew we would. My word is _____.good
60.5%
I used to rule the world. Seas would ____ when I gave the word.rise
37.3%
I'll pretend that I'm kissing the ____ I am missing.lips
37%
If the ____ are all closed, with a word she can get what she came for.stores
35.1%
She's overbored and self-assured. Oh no, I know a ____ word.dirty
25.7%
Joining the world of missing ____, and she was.persons
16.8%

Today's Daily Dose

Missing Word
'T' Pairs

Word Ladder
Game Pieces

Get the Picture
Baseball Movies

Remove Ads.
Support Sporcle.
Get the best of Sporcle when you Go Orange. This ad-free experience offers more features, more stats, and more fun while also helping to support Sporcle. Thank you for becoming a member.

You're not logged in!

Compare scores with friends on all Sporcle quizzes.
OR
Log In

Show Comments

Extras

Top Quizzes Today


Score Distribution

Your Account Isn't Verified!

In order to create a playlist on Sporcle, you need to verify the email address you used during registration. Go to your Sporcle Settings to finish the process.

Report this User

Report this user for behavior that violates our Community Guidelines.

Details: